| 000 | 01104cac a2200289 a 4500 | ||
|---|---|---|---|
| 003 | CO-PeBPM | ||
| 005 | 20260407113557.0 | ||
| 007 | ta | ||
| 008 | 250525s2020 ck |||| |||| 00| 0 spa d | ||
| 020 | _a9789585503861 | ||
| 040 | 0 |
_aCO-PeBPM _bspa _cCO-PeBPM _erda |
|
| 041 | 0 | _aspa | |
| 082 | 0 | 4 |
_a303.6098 H565s _222 |
| 100 | 1 | 0 |
_aHerrera, Martha Cecilia _eautor |
| 245 | 1 | 4 |
_aSubjetividades caleidoscópicas, relatos y espejos trizados _c/ Martha Cecilia Herrera; Carol Pertuz Bedoya |
| 250 | _aSegunda edición | ||
| 264 |
_aBogotá, Colombia _b: Universidad Pedagógica Nacional _c, 2020 |
||
| 300 |
_a258 páginas _c; 20 centímetros |
||
| 490 | _aColección Trabajos de la memoria | ||
| 500 | _aIncluye índice, Referencias bibliográficas al final del texto | ||
| 650 | 1 | 7 |
_aPolitical persecution -- Latin America _2LEMB |
| 650 | 1 | 7 |
_aPolitical violence -- Latin America _2LEMB |
| 650 | 1 | 7 |
_aState-sponsored terrorism -- Latin America _2LEMB |
| 700 | 1 | 4 |
_aPertuz Bedoya, Carol _eautora |
| 942 |
_2ddc _cBK _n0 |
||
| 999 |
_c60854 _d60854 |
||